=LDR 00000nam 2200000 4500 =001 INLIS000000000036827 =005 20130612142605 =008 ***********************************Ind** =035 ##$$0010-061300000036827 =041 ##$$a Ind =082 ##$$a 641.505 985 =090 ##$$a 641.505 985, Che t =100 ##$$a Chendhawati =245 ##$$a 35 resep pilihan ny.Liem, masakan nusantara, Chendhawati ; penyunting, Yudha Asmoro =260 ##$$a 2004 $b Jakarta =300 ##$$a 74 hlm, ilus, 15 cm =650 ##$$a Masakan Nusantara =850 ##$$a NBPNMAT =990 ##$$a 0001/BPAP-NTB/20142015